[Event "Amagermesterskabet 2011"]
[Site "Sundbyoster"]
[Date "2011.09.13"]
[Round "3"]
[White "Gade, Jens"]
[Black "Haagen Larsen, Hans"]
[Result "1-0"]
[WhiteElo "1292"]
[BlackElo "1618"]
[PlyCount "67"]
[EventDate "2011.??.??"]

1. f4 d5 2. e3 Bf5 3. Nf3 Nf6 4. Be2 e6 5. O-O Be7 6. b3 c6 7. Bb2 Nbd7 8. h3
h5 9. Ne5 Qc7 10. d3 Bd6 11. d4 Bxe5 12. fxe5 Ne4 13. Ba3 O-O-O 14. c4 Rdg8 15.
Bd3 Nb6 16. Bxe4 Bxe4 17. Bd6 Qd7 18. Nc3 f5 19. c5 Na8 20. b4 Nc7 21. Qa4 Kb8
22. Rab1 Ka8 23. Nxe4 fxe4 24. Qa5 Nb5 25. Rb3 a6 26. a4 Na7 27. Rb2 h4 28.
Rbf2 Qd8 29. Qxd8+ Rxd8 30. Rf7 Rhg8 31. Rc7 Nc8 32. Rff7 Rxd6 33. cxd6 b5 34.
a5 1-0

[Event "Amagermesterskabet 2011"]
[Site "Sundbyoster"]
[Date "2011.09.20"]
[Round "3"]
[White "Gram, Mathias Laerkegaard"]
[Black "Lontoft, Sven"]
[Result "0-1"]
[WhiteElo "1471"]
[BlackElo "1699"]
[PlyCount "78"]
[EventDate "2011.??.??"]

1. e4 e5 2. Nf3 Nc6 3. Nc3 Nf6 4. g3 Bc5 5. Bg2 O-O 6. O-O d6 7. d3 Bg4 8. h3
Be6 9. Na4 Nd7 10. Ng5 h6 11. Nxe6 fxe6 12. Nxc5 Nxc5 13. Qg4 Qf6 14. c3 Nxd3
15. f4 Nxc1 16. Raxc1 exf4 17. Rxf4 Qe7 18. Kh2 Ne5 19. Qe2 Ng6 20. Rg4 Kh7 21.
a4 h5 22. Rxg6 Kxg6 23. e5 d5 24. Qd3+ Kh6 25. c4 Qg5 26. Re1 c6 27. h4 Qg6 28.
Qe3+ Kh7 29. Bf1 Qf7 30. Bd3+ g6 31. Rf1 Qg7 32. Rg1 Qh6 33. Qe2 Rf7 34. cxd5
cxd5 35. Kh3 Raf8 36. Rc1 Qxc1 37. Qxh5+ Qh6 38. Bxg6+ Kg7 39. Bxf7 Rxf7 0-1

[Event "Amagermesterskabet 2011"]
[Site "Sundbyoster"]
[Date "2011.09.13"]
[Round "3"]
[White "Henriksen, Peter"]
[Black "Hansen, Benny"]
[Result "0-1"]
[WhiteElo "1459"]
[BlackElo "1432"]
[PlyCount "78"]
[EventDate "2011.??.??"]

1. d4 Nf6 2. c4 d6 3. Nc3 g6 4. e4 Bg7 5. h3 O-O 6. Bg5 Nbd7 7. Bd3 c5 8. d5
Ne5 9. Be2 Re8 10. f4 Ned7 11. Nf3 Qc7 12. O-O a6 13. Bh4 e6 14. e5 dxe5 15. d6
Qc6 16. Nxe5 Nxe5 17. fxe5 Nd7 18. Bf3 Qb6 19. Na4 Qa7 20. Rb1 Rb8 21. Bf2 b6
22. Bc6 Bxe5 23. b4 Rd8 24. Re1 Bf6 25. Qf3 Kg7 26. Kh1 Ne5 27. Qe4 Nxc6 28.
Qxc6 Bb7 29. Qc7 Rdc8 30. Qd7 Bxg2+ 31. Kxg2 Qxd7 32. bxc5 Qxa4 33. cxb6 Qc6+
34. Kg1 Qxd6 35. c5 Qd5 36. Rec1 Bd4 37. c6 Bxf2+ 38. Kxf2 Rxc6 39. Rxc6 Qxc6
0-1

[Event "Amagermesterskabet 2011"]
[Site "Sundbyoster"]
[Date "2011.09.13"]
[Round "3"]
[White "Jensen, Jonbert"]
[Black "Nielsen, Bjorn"]
[Result "1-0"]
[WhiteElo "1345"]
[BlackElo "1084"]
[PlyCount "111"]
[EventDate "2011.??.??"]

1. e4 e5 2. Nf3 Nc6 3. Bc4 Bc5 4. O-O Nf6 5. Nc3 O-O 6. Na4 Be7 7. Qe2 d6 8. h3
Bd7 9. Nc3 Qc8 10. Ng5 Ne8 11. Qh5 Bxg5 12. Qxg5 Qd8 13. f4 Qxg5 14. fxg5 g6
15. Nd5 Be6 16. d3 Nd4 17. Ne7+ Kg7 18. Bxe6 fxe6 19. Bd2 Rxf1+ 20. Rxf1 Nc6
21. Nxc6 bxc6 22. c3 d5 23. b3 Rd8 24. Rf2 dxe4 25. dxe4 Nd6 26. Re2 Nf7 27.
Kf2 Rd3 28. c4 c5 29. Be3 a6 30. h4 Nd8 31. Rd2 Rd6 32. Ke2 Nc6 33. Bxc5 Rxd2+
34. Kxd2 h5 35. gxh6+ Kxh6 36. g4 Nd4 37. Bxd4 exd4 38. e5 c5 39. a3 Kg7 40. b4
cxb4 41. axb4 Kf7 42. Kd3 Ke7 43. Kxd4 Kd7 44. h5 Ke7 45. h6 Kf7 46. c5 g5 47.
c6 Kg6 48. c7 Kxh6 49. c8=Q Kg6 50. Qxe6+ Kg7 51. Qf6+ Kg8 52. e6 Kh7 53. e7
Kg8 54. e8=R+ Kh7 55. Qf7+ Kh6 56. Rh8# 1-0

[Event "Amagermesterskabet 2011"]
[Site "Sundbyoster"]
[Date "2011.09.13"]
[Round "3"]
[White "Larsen, Kim"]
[Black "Nielsen, Mogens Bach"]
[Result "0-1"]
[WhiteElo "1618"]
[BlackElo "1804"]
[PlyCount "44"]
[EventDate "2011.??.??"]

1. d4 d5 2. Nf3 c6 3. Bf4 Bf5 4. e3 Qb6 5. Qc1 Nd7 6. Bd3 Bxd3 7. cxd3 e6 8.
O-O Ngf6 9. Nbd2 Be7 10. a3 O-O 11. Ne5 Rac8 12. Nxd7 Nxd7 13. Nf3 c5 14. dxc5
Nxc5 15. Qb1 Nb3 16. Ra2 f6 17. e4 e5 18. Bc1 d4 19. Nd2 Rc7 20. Nxb3 Qxb3 21.
Ra1 Rfc8 22. Qa2 Qxa2 0-1

[Event "Amagermesterskabet 2011"]
[Site "Sundbyoster"]
[Date "2011.09.13"]
[Round "3"]
[White "Larsen, Ulrik Jejlskov"]
[Black "Kinch, Peder"]
[Result "1-0"]
[WhiteElo "1591"]
[BlackElo "1204"]
[PlyCount "75"]
[EventDate "2011.??.??"]

1. d4 b6 2. e3 Bb7 3. Nf3 f6 4. Bd3 e6 5. Nbd2 d5 6. Nh4 Ne7 7. Qh5+ Kd7 8. e4
Qe8 9. Qf3 Ng8 10. Qe2 c6 11. O-O Kd8 12. Re1 g6 13. exd5 cxd5 14. Qxe6 Qxe6
15. Rxe6 Bc8 16. Re2 Nc6 17. c3 Bd6 18. b4 f5 19. a4 Nf6 20. Nb3 Nh5 21. Bg5+
Ne7 22. Rae1 Re8 23. Nf3 Nf4 24. Bxe7+ Rxe7 25. Rxe7 Nxd3 26. Re8+ Kc7 27. Rd1
Nf4 28. Kf1 Ba6+ 29. b5 Rxe8 30. bxa6 h6 31. g3 Ne6 32. Re1 Kd7 33. Ne5+ Bxe5
34. dxe5 Nc5 35. Nxc5+ bxc5 36. f4 Re6 37. Rb1 Rb6 38. Rxb6 1-0

[Event "Amagermesterskabet 2011"]
[Site "Sundbyoster"]
[Date "2011.09.13"]
[Round "3"]
[White "Mielow, Bjarne"]
[Black "Jensen, Thore Nyboe"]
[Result "0-1"]
[WhiteElo "1566"]
[BlackElo "2013"]
[PlyCount "38"]
[EventDate "2011.??.??"]

1. e4 c5 2. Nf3 Nc6 3. Nc3 g6 4. b3 Bg7 5. Bb2 Nf6 6. Be2 O-O 7. O-O Nxe4 8.
Nxe4 Bxb2 9. Rb1 Bd4 10. c3 d5 11. cxd4 dxe4 12. Ne5 Nxd4 13. Bc4 b5 14. Be2 f6
15. Ng4 f5 16. Ne3 Bb7 17. d3 f4 18. Ng4 f3 19. gxf3 exf3 0-1

[Event "Amagermesterskabet 2011"]
[Site "Sundbyoster"]
[Date "2011.09.13"]
[Round "3"]
[White "Petersen, Nils"]
[Black "Grafmoller, Torben"]
[Result "1-0"]
[WhiteElo "1985"]
[BlackElo "1794"]
[PlyCount "123"]
[EventDate "2011.??.??"]

1. c4 Nf6 2. g3 g6 3. Bg2 Bg7 4. Nc3 O-O 5. e4 d6 6. Nge2 Nc6 7. O-O e5 8. d3
Bg4 9. h3 Bxe2 10. Nxe2 Rb8 11. a4 a5 12. Be3 Nd7 13. Qd2 Nc5 14. Nc1 b6 15. f4
Nb4 16. f5 Nd7 17. Na2 Nxa2 18. Rxa2 c5 19. b3 f6 20. h4 Qe8 21. Bh3 Rd8 22. g4
Qe7 23. g5 Rf7 24. Qg2 Nf8 25. Raf2 Rb8 26. fxg6 hxg6 27. gxf6 Rxf6 28. Bg5
Rxf2 29. Bxe7 Rxg2+ 30. Kxg2 Re8 31. Bxd6 Rd8 32. Bxf8 Rxf8 33. Be6+ Kh7 34.
Bf7 Bh6 35. Rf6 Kg7 36. Rxg6+ Kh7 37. Rxb6 Rxf7 38. Rb5 Bd2 39. Rxc5 Bc3 40.
Rd5 Rb7 41. c5 Rc7 42. Kf3 Bd4 43. c6 Rxc6 44. Rxa5 Rb6 45. Rb5 Rxb5 46. axb5
Kh6 47. Kg4 Kg6 48. h5+ Kh6 49. Kf5 Kxh5 50. b6 Bxb6 51. Kxe5 Kg6 52. Ke6 Bc5
53. e5 Bd4 54. b4 Bb6 55. b5 Ba7 56. Ke7 Kf5 57. e6 Ke5 58. Kd7 Bc5 59. b6 Bxb6
60. e7 Kd4 61. e8=Q Kxd3 62. Qg6+ 1-0

[Event "Amagermesterskabet 2011"]
[Site "Sundbyoster"]
[Date "2011.09.13"]
[Round "3"]
[White "Thorgrimson, Elof"]
[Black "Larsen, Julie"]
[Result "1-0"]
[WhiteElo "1694"]
[BlackElo "1162"]
[PlyCount "49"]
[EventDate "2011.??.??"]

1. e4 e5 2. Nf3 Nc6 3. d4 exd4 4. Nxd4 g6 5. Nc3 Bg7 6. Be3 d6 7. Be2 Nf6 8.
O-O Nxd4 9. Bxd4 O-O 10. f4 b6 11. e5 dxe5 12. Bxe5 Qe7 13. Bf3 Rb8 14. Kh1 Be6
15. Qe2 Rbd8 16. Rfd1 c5 17. a4 Bh6 18. Nb5 Nd5 19. Bd6 Qf6 20. Bxd5 Rfe8 21.
Be5 Qe7 22. Bxe6 Qxe6 23. Nc7 Qf5 24. Nxe8 Rxe8 25. Qb5 1-0

[Event "Amagermesterskabet 2011"]
[Site "Sundbyoster"]
[Date "2011.09.13"]
[Round "3"]
[White "Tronning, Mark Philip"]
[Black "Svensson, John Michael"]
[Result "0-1"]
[WhiteElo "1439"]
[BlackElo "1409"]
[PlyCount "56"]
[EventDate "2011.??.??"]

1. e4 d5 2. exd5 Qxd5 3. Nc3 Qa5 4. Bc4 Nf6 5. h3 e6 6. Qf3 c6 7. d4 Be7 8.
Nge2 O-O 9. Bf4 Nbd7 10. O-O Nb6 11. Bc7 Qh5 12. Qxh5 Nxh5 13. Bxb6 axb6 14.
Bb3 b5 15. Ne4 b6 16. c3 Bb7 17. g4 c5 18. Nxc5 bxc5 19. gxh5 cxd4 20. Nxd4 b4
21. Rac1 bxc3 22. bxc3 Ra5 23. Bd1 Rxa2 24. Re1 Ba6 25. Rc2 Ra1 26. Nc6 Bf6 27.
Nb4 Bc4 28. Nc6 Bb3 0-1

[Event "Amagermesterskabet 2011"]
[Site "Sundbyoster"]
[Date "2011.09.27"]
[Round "4"]
[White "Brorsen, Kristian"]
[Black "Haagen Larsen, Hans"]
[Result "1-0"]
[WhiteElo "1189"]
[BlackElo "1618"]
[PlyCount "71"]
[EventDate "2011.??.??"]

1. d4 d5 2. Nf3 Nf6 3. Bf4 Bf5 4. e3 e6 5. Bd3 Ne4 6. O-O Be7 7. Nbd2 Nd7 8. c4
Nxf2 9. Rxf2 Bxd3 10. cxd5 exd5 11. Ne5 Nxe5 12. Bxe5 f6 13. Bg3 c6 14. Nb3 Be4
15. Rc1 Qb6 16. Nc5 O-O 17. Nd7 Qa6 18. Nxf8 Rxf8 19. a3 Qb6 20. Rc3 a5 21. Qg4
c5 22. Qd7 cxd4 23. Rc7 dxe3 24. Re2 Qxc7 25. Qxc7 Kf7 26. Rxe3 f5 27. Rb3 d4
28. Rxb7 Bxb7 29. Qxb7 Re8 30. Qd5+ Kg6 31. Qxd4 Bf6 32. Qd2 Rd8 33. Qc2 Rd5
34. b3 h6 35. h3 Kf7 36. Qc4 1-0

[Event "Amagermesterskabet 2011"]
[Site "Sundbyoster"]
[Date "2011.09.27"]
[Round "4"]
[White "Gade, Jens"]
[Black "Andersen, Henrik Hauge"]
[Result "0-1"]
[WhiteElo "1292"]
[BlackElo "1799"]
[PlyCount "54"]
[EventDate "2011.??.??"]

1. f4 e5 2. fxe5 d6 3. exd6 Bxd6 4. Nf3 g5 5. g3 g4 6. Nh4 Ne7 7. d4 Ng6 8.
Nxg6 hxg6 9. Qd3 Nc6 10. c3 Bf5 11. e4 Qe7 12. Bg2 O-O-O 13. O-O Ne5 14. Qc2
Bd7 15. Bf4 Nf3+ 16. Bxf3 Bxf4 17. gxf4 gxf3 18. Rxf3 Rh4 19. Qd3 Rdh8 20. Rf2
Rh3 21. Qe2 Qh4 22. Nd2 Bg4 23. Nf3 Bxf3 24. Qd2 Rg3+ 25. Kf1 Qh3+ 26. Ke1 Rg1+
27. Rf1 Qxf1# 0-1

[Event "Amagermesterskabet 2011"]
[Site "Sundbyoster"]
[Date "2011.09.27"]
[Round "4"]
[White "Grafmoller, Torben"]
[Black "Mielow, Bjarne"]
[Result "1/2-1/2"]
[WhiteElo "1794"]
[BlackElo "1566"]
[PlyCount "43"]
[EventDate "2011.??.??"]

1. Nf3 Nf6 2. g3 g6 3. Bg2 Bg7 4. O-O O-O 5. d3 c6 6. e4 d6 7. Nbd2 Bg4 8. h3
Bc8 9. c3 Nbd7 10. Re1 e5 11. Nc4 Qc7 12. Nh4 b5 13. Ne3 Bb7 14. Nef5 d5 15.
Nxg7 Kxg7 16. exd5 cxd5 17. Qd2 Ng8 18. f4 exf4 19. Qxf4 Qxf4 20. Bxf4 Rfe8 21.
Bd6 Ngf6 22. Kf1 1/2-1/2

[Event "Amagermesterskabet 2011"]
[Site "Sundbyoster"]
[Date "2011.09.27"]
[Round "4"]
[White "Gram, Mathias Laerkegaard"]
[Black "Friis, Jordy"]
[Result "0-1"]
[WhiteElo "1471"]
[BlackElo "1660"]
[PlyCount "62"]
[EventDate "2011.??.??"]

1. e4 c5 2. Nf3 Nc6 3. d4 cxd4 4. Nxd4 Nf6 5. Nc3 d6 6. a4 e6 7. Bg5 a6 8. Be2
Bd7 9. O-O Be7 10. Kh1 Rc8 11. f4 O-O 12. Nf3 Qc7 13. Qe1 h6 14. Bh4 Qa5 15.
Bd3 Rfe8 16. e5 Nd5 17. Qe4 g6 18. Bxe7 Nxc3 19. bxc3 d5 20. Qe1 Nxe7 21. Qh4
Kg7 22. Qf6+ Kg8 23. Ng5 hxg5 24. fxg5 Nf5 25. Bxf5 exf5 26. Qd6 Be6 27. Rab1
Qc5 28. Rxb7 Qxd6 29. exd6 Rc6 30. Re7 Kf8 31. Rf4 Rxe7 0-1

[Event "Amagermesterskabet 2011"]
[Site "Sundbyoster"]
[Date "2011.09.27"]
[Round "4"]
[White "Hansen, Benny"]
[Black "Brorsen, Jacob Abildlund"]
[Result "0-1"]
[WhiteElo "1432"]
[BlackElo "2101"]
[PlyCount "74"]
[EventDate "2011.??.??"]

1. Nf3 Nf6 2. g3 g6 3. Bg2 Bg7 4. d4 O-O 5. O-O d5 6. c3 b6 7. Bg5 Ne4 8. Nbd2
Nxg5 9. Nxg5 e5 10. Ngf3 e4 11. Ne1 f5 12. f4 Ba6 13. Nc2 c5 14. Re1 Bb7 15. b4
Qd6 16. a3 Nd7 17. Nf1 Rac8 18. Rc1 Rf7 19. Nfe3 Nf8 20. Rf1 Ne6 21. Qd2 Rfc7
22. Kh1 cxd4 23. Nxd4 Nxd4 24. cxd4 Rxc1 25. Rxc1 Rxc1+ 26. Qxc1 Bxd4 27. h4
Qc6 28. Qd2 Qc3 29. Qxc3 Bxc3 30. Nc2 d4 31. Kg1 Bd5 32. Kf1 Kf7 33. g4 fxg4
34. Kf2 Ke6 35. e3 d3 36. Nd4+ Kd7 37. Nb5 Bf6 0-1

[Event "Amagermesterskabet 2011"]
[Site "Sundbyoster"]
[Date "2011.09.27"]
[Round "4"]
[White "Jensen, Jonbert"]
[Black "Larsen, Ulrik Jejlskov"]
[Result "0-1"]
[WhiteElo "1345"]
[BlackElo "1591"]
[PlyCount "106"]
[EventDate "2011.??.??"]

1. e4 d5 2. exd5 Nf6 3. Nc3 Nxd5 4. Bc4 Nxc3 5. bxc3 e6 6. Qf3 Nc6 7. d4 Nxd4
8. Qe4 Nc6 9. Nf3 Bd6 10. Ng5 Qf6 11. Bd2 h6 12. Nf3 Ne5 13. Nxe5 Qxe5 14. Bd3
O-O 15. f4 Qxe4+ 16. Bxe4 e5 17. f5 Bc5 18. h3 Rb8 19. g4 b6 20. Rf1 f6 21.
Bd5+ Kh7 22. c4 Bb7 23. a3 Rfd8 24. Bxb7 Rxb7 25. Bb4 Rd4 26. Bxc5 bxc5 27. Rf3
Rxc4 28. Kd2 Rb2 29. Rc1 Ra2 30. Rb3 a5 31. Re3 Rd4+ 32. Ke2 e4 33. Rc3 c4 34.
Rd1 Rd3 35. Rxc4 Rxh3 36. Rxc7 Rxc2+ 37. Rxc2 Rh2+ 38. Ke3 Rxc2 39. Kxe4 Rc4+
40. Rd4 Rxd4+ 41. Kxd4 g6 42. a4 gxf5 43. gxf5 Kg7 44. Ke4 Kf7 45. Kf4 Ke7 46.
Kg4 Kd6 47. Kh5 Ke5 48. Kxh6 Kxf5 49. Kh5 Ke4 50. Kg4 f5+ 51. Kg3 Ke3 52. Kg2
f4 53. Kf1 Kf3 0-1

[Event "Amagermesterskabet 2011"]
[Site "Sundbyoster"]
[Date "2011.09.27"]
[Round "4"]
[White "Jensen, Thore Nyboe"]
[Black "Petersen, Nils"]
[Result "1/2-1/2"]
[WhiteElo "2013"]
[BlackElo "1985"]
[PlyCount "30"]
[EventDate "2011.??.??"]

1. e4 c5 2. c3 Nf6 3. e5 Nd5 4. d4 cxd4 5. Nf3 e6 6. cxd4 b6 7. Nc3 Nxc3 8.
bxc3 Qc7 9. c4 Bb4+ 10. Bd2 Bxd2+ 11. Qxd2 Bb7 12. Bd3 O-O 13. Ng5 h6 14. h4
Nc6 15. Qe3 d6 1/2-1/2

[Event "Amagermesterskabet 2011"]
[Site "Sundbyoster"]
[Date "2011.09.27"]
[Round "4"]
[White "Lunding, Peter M"]
[Black "Larsen, Kim"]
[Result "1-0"]
[WhiteElo "1928"]
[BlackElo "1618"]
[PlyCount "57"]
[EventDate "2011.??.??"]

1. d4 d5 2. Nf3 e6 3. Nbd2 c5 4. c3 cxd4 5. Nxd4 Bd6 6. N2f3 Ne7 7. Nb5 a6 8.
Nxd6+ Qxd6 9. e4 Nbc6 10. Be2 O-O 11. exd5 Qxd5 12. Qc2 Rd8 13. Be3 Qf5 14.
Qxf5 Nxf5 15. Bb6 Rd6 16. O-O Ne5 17. Nxe5 Rxb6 18. Nc4 Rc6 19. Rad1 Kf8 20.
Rd8+ Ke7 21. Rfd1 Rb8 22. g4 Nh6 23. Rh8 Nxg4 24. Rxh7 g6 25. Rh8 Nf6 26. Rdd8
Nd5 27. Rdf8 Kf6 28. Rh7 Ke7 29. Rhxf7# 1-0

[Event "Amagermesterskabet 2011"]
[Site "Sundbyoster"]
[Date "2011.09.27"]
[Round "4"]
[White "Nielsen, Bjorn"]
[Black "Kinch, Peder"]
[Result "0-1"]
[WhiteElo "1084"]
[BlackElo "1204"]
[PlyCount "42"]
[EventDate "2011.??.??"]

1. e4 e5 2. Nc3 Bc5 3. Nf3 Nc6 4. Be2 Nge7 5. O-O O-O 6. Re1 f5 7. Bc4+ Kh8 8.
d4 Nxd4 9. Nxd4 Bxd4 10. Be3 Bxe3 11. Rxe3 f4 12. Rf3 d6 13. h3 Ng6 14. Ne2 Qg5
15. Ng3 Nh4 16. Qf1 Nxf3+ 17. gxf3 fxg3 18. Qg2 gxf2+ 19. Kh1 Qh5 20. Bf1 Rxf3
21. Be2 Rxh3+ 0-1

[Event "Amagermesterskabet 2011"]
[Site "Sundbyoster"]
[Date "2011.09.27"]
[Round "4"]
[White "Nielsen, Mogens Bach"]
[Black "Lontoft, Sven"]
[Result "1/2-1/2"]
[WhiteElo "1804"]
[BlackElo "1699"]
[PlyCount "55"]
[EventDate "2011.??.??"]

1. c4 e5 2. Nc3 Nf6 3. a3 b6 4. Nf3 Nc6 5. e3 Bb7 6. Be2 Be7 7. d4 exd4 8. exd4
d5 9. O-O O-O 10. Bf4 dxc4 11. Bxc4 Bd6 12. Bxd6 Qxd6 13. Nb5 Qd8 14. Rc1 a6
15. Nc3 Ne7 16. Ne5 Ned5 17. Nxd5 Bxd5 18. Ng4 Bxc4 19. Rxc4 Rc8 20. Nxf6+ Qxf6
21. Qc2 Qf4 22. Rc1 Rfe8 23. h3 Re7 24. Qc3 Rd7 25. Rc6 Qxd4 26. Qxd4 Rxd4 27.
Rxc7 Rxc7 28. Rxc7 1/2-1/2

[Event "Amagermesterskabet 2011"]
[Site "Sundbyoster"]
[Date "2011.09.27"]
[Round "4"]
[White "Sorensen, Johnny"]
[Black "Henriksen, Peter"]
[Result "0-1"]
[WhiteElo "1233"]
[BlackElo "1459"]
[PlyCount "102"]
[EventDate "2011.??.??"]

1. d4 g6 2. c4 f5 3. Nf3 c6 4. Nc3 Nf6 5. Qc2 Na6 6. a3 Bg7 7. Bg5 d6 8. e3 Qa5
9. Nd2 O-O 10. Be2 Be6 11. O-O Rac8 12. b4 Qd8 13. Nf3 Nc7 14. e4 d5 15. e5 Ne4
16. Nxe4 fxe4 17. Nd2 Bf5 18. Qc1 b6 19. Be3 Kh8 20. a4 c5 21. Qc3 Bxe5 22. Nb3
cxb4 23. Qxb4 Bf6 24. c5 Rb8 25. Qc3 Ne6 26. Rab1 Ng5 27. Bf4 Rc8 28. c6 Ne6
29. Bg3 Nc7 30. a5 Bg5 31. Ra1 h5 32. axb6 axb6 33. Ra7 Bg4 34. f3 exf3 35.
gxf3 Bh3 36. Rf2 Bf4 37. Bxf4 Rxf4 38. Qe3 Ne6 39. Ba6 Rc7 40. Qe5+ Kh7 41. Bb7
Qd6 42. Qxd6 exd6 43. Rfa2 Rcf7 44. Nd2 Nxd4 45. R2a3 g5 46. Rc3 Re7 47. Kh1
Re1+ 48. Nf1 Nb5 49. Re3 Rxe3 50. Nxe3 Nc7 51. Ng2 Rb4 0-1

[Event "Amagermesterskabet 2011"]
[Site "Sundbyoster"]
[Date "2011.09.27"]
[Round "4"]
[White "Thorgrimson, Elof"]
[Black "Mollmann, Erik"]
[Result "1/2-1/2"]
[WhiteElo "1694"]
[BlackElo "1601"]
[PlyCount "83"]
[EventDate "2011.??.??"]

1. e4 Nc6 2. d4 d5 3. e5 f6 4. f4 Nh6 5. Nf3 Bf5 6. Nc3 Nb4 7. Bd3 Nxd3+ 8.
cxd3 c6 9. h3 Qd7 10. Qe2 Be6 11. Be3 Nf5 12. Bf2 g6 13. g4 Ng7 14. O-O-O O-O-O
15. Rde1 f5 16. g5 Bf7 17. Kb1 e6 18. Rc1 Kb8 19. Na4 b6 20. Qc2 Rc8 21. a3 Be8
22. Qb3 Qb7 23. Rc2 c5 24. Rhc1 Bxa4 25. Qxa4 b5 26. Qa5 c4 27. dxc4 bxc4 28.
Qc3 Rc6 29. Ka2 Be7 30. Be1 Nh5 31. Bd2 Ng3 32. Qe3 Ne4 33. Be1 Rb6 34. Nd2
Nxd2 35. Bxd2 Rb3 36. Bc3 Rc8 37. Qe2 Rc6 38. h4 Ra6 39. Ka1 Ra4 40. Be1 Qa6
41. Rc3 Rb6 42. R3c2 1/2-1/2

[Event "Amagermesterskabet 2011"]
[Site "Sundbyoster"]
[Date "2011.09.27"]
[Round "4"]
[White "Tronning, Mark Philip"]
[Black "Larsen, Julie"]
[Result "0-1"]
[WhiteElo "1439"]
[BlackElo "1162"]
[PlyCount "68"]
[EventDate "2011.??.??"]

1. e4 e5 2. Nf3 Nc6 3. Bc4 Bc5 4. b4 Bxb4 5. c3 Ba5 6. Qb3 Qe7 7. Ba3 d6 8. O-O
Nf6 9. Re1 O-O 10. d3 a6 11. Bb2 b5 12. Bd5 Nxd5 13. Qxd5 Bb7 14. Qb3 Nd8 15.
Nbd2 Ne6 16. d4 Nf4 17. Qc2 Rad8 18. Ba3 c5 19. Nb3 Bb6 20. d5 c4 21. Nc1 Bc8
22. Rf1 Qf6 23. Qd1 Qg6 24. g3 Bh3 25. Nh4 Qg5 26. Re1 Ng6 27. Ng2 f5 28. exf5
Qxf5 29. Re2 Bxf2+ 30. Kh1 Qf3 31. Qf1 Rf6 32. Rb1 Rdf8 33. Rbb2 Bb6 34. Qxf3
Rxf3 0-1

[Event "Amagermesterskabet 2011"]
[Site "Sundbyoster"]
[Date "2011.10.04"]
[Round "5"]
[White "Gade, Jens"]
[Black "Brorsen, Kristian"]
[Result "1-0"]
[WhiteElo "1292"]
[BlackElo "1189"]
[PlyCount "115"]
[EventDate "2011.??.??"]

1. d4 d5 2. c4 dxc4 3. e3 b5 4. Qf3 c6 5. a4 Qd5 6. Qxd5 cxd5 7. axb5 e6 8. Nf3
Bd7 9. Nc3 Nf6 10. Be2 Bb4 11. O-O O-O 12. Ne5 Be8 13. b6 a5 14. Na4 Nc6 15.
Nxc6 Bxc6 16. Nc5 Nd7 17. b7 Rab8 18. Nxd7 Bxd7 19. Rd1 Rxb7 20. Bd2 Bxd2 21.
Rxd2 a4 22. e4 Rfb8 23. exd5 exd5 24. Ra2 Re8 25. Bf1 Re1 26. Re2 Rd1 27. g3
Kf8 28. Kg2 Rxd4 29. h3 Rb4 30. g4 Rd3 31. f3 Rbb3 32. Rf2 Re3 33. Ra1 a3 34.
bxa3 Rxa3 35. Rd1 Be6 36. Kg3 c3 37. Kf4 c2 38. Rc1 Rec3 39. Rcxc2 Rxc2 40.
Rxc2 Ra4+ 41. Kg3 f5 42. Be2 fxg4 43. hxg4 Kf7 44. Rc7+ Kf6 45. g5+ Kxg5 46.
Rxg7+ Kf5 47. Rxh7 Ra2 48. Rh2 Ke5 49. Rf2 Kd4 50. Bf1 Ra3 51. Rd2+ Kc5 52. Kf4
d4 53. Bd3 Bd5 54. Be4 Bxe4 55. fxe4 Kc4 56. Ke5 Rd3 57. Ra2 Rb3 58. Ra4+ 1-0

[Event "Amagermesterskabet 2011"]
[Site "Sundbyoster"]
[Date "2011.10.04"]
[Round "5"]
[White "Gram, Mathias Laerkegaard"]
[Black "Andersen, Henrik Hauge"]
[Result "0-1"]
[WhiteElo "1471"]
[BlackElo "1799"]
[PlyCount "42"]
[EventDate "2011.??.??"]

1. e4 c5 2. Nf3 d6 3. d4 cxd4 4. Nxd4 Nf6 5. Nc3 a6 6. a4 e5 7. Nb3 Be6 8. Be3
Be7 9. Nd5 Nbd7 10. f3 O-O 11. Bc4 Rc8 12. Qd3 Nc5 13. Nxc5 dxc5 14. Qb3 Bxd5
15. Bxd5 Nxd5 16. O-O-O c4 17. Qxb7 Qc7 18. Qxd5 Rfd8 19. Bb6 Qxb6 20. Qxe5 Bf6
21. a5 Qe3+ 0-1

[Event "Amagermesterskabet 2011"]
[Site "Sundbyoster"]
[Date "2011.10.04"]
[Round "5"]
[White "Henriksen, Peter"]
[Black "Grafmoller, Torben"]
[Result "0-1"]
[WhiteElo "1459"]
[BlackElo "1794"]
[PlyCount "72"]
[EventDate "2011.??.??"]

1. e4 d5 2. e5 c5 3. c3 Nc6 4. Bb5 Bd7 5. Nf3 Nxe5 6. Be2 Nc6 7. a3 e5 8. Bb5
e4 9. Qe2 Qe7 10. Ng1 Ne5 11. Bxd7+ Qxd7 12. d4 Nd3+ 13. Kf1 Nxc1 14. Qd1 Qb5+
15. Ne2 Nxe2 16. Qxe2 Qxe2+ 17. Kxe2 c4 18. Nd2 Nf6 19. f3 exf3+ 20. gxf3 Bd6
21. Nf1 O-O 22. Kd1 Rfe8 23. Ng3 Bxg3 24. hxg3 Re3 25. Rf1 Rae8 26. Rc1 Nh5 27.
g4 Nf4 28. Rc2 Re2 29. Rd2 Rxd2+ 30. Kxd2 Re2+ 31. Kc1 Nd3+ 32. Kb1 Rxb2+ 33.
Ka1 Re2 34. Rb1 Re1 35. f4 Rxb1+ 36. Kxb1 Nxf4 0-1

[Event "Amagermesterskabet 2011"]
[Site "Sundbyoster"]
[Date "2011.10.04"]
[Round "5"]
[White "Holmberg, Thomas"]
[Black "Mollmann, Erik"]
[Result "0-1"]
[WhiteElo "1121"]
[BlackElo "1601"]
[PlyCount "78"]
[EventDate "2011.??.??"]

1. d4 d5 2. Bg5 Bf5 3. e3 Qd6 4. Bd3 Bg6 5. Nc3 c6 6. e4 dxe4 7. Bxe4 Nf6 8.
Bd3 h6 9. Bh4 Nbd7 10. a3 e6 11. Bg3 Qe7 12. Nge2 Nh5 13. O-O Nxg3 14. fxg3 Nf6
15. Nf4 Bh7 16. Re1 Qd7 17. Ne4 Nxe4 18. Bxe4 Bxe4 19. Rxe4 Be7 20. Qd3 O-O 21.
Re5 Bf6 22. Re4 Rfd8 23. Ne2 Qc7 24. Rf1 Be7 25. Re5 Bd6 26. Rh5 Qe7 27. Nf4 c5
28. d5 e5 29. Nh3 f6 30. Qg6 Kh8 31. Rff5 Rd7 32. Nf2 Qf7 33. Qg4 Qxd5 34. h3
Bc7 35. h4 Kh7 36. Nh3 Qd1+ 37. Qxd1 Rxd1+ 38. Kh2 Rdd8 39. Nf2 g6 0-1

[Event "Amagermesterskabet 2011"]
[Site "Sundbyoster"]
[Date "2011.10.19"]
[Round "5"]
[White "Kinch, Peder"]
[Black "Sorensen, Johnny"]
[Result "0-1"]
[WhiteElo "1204"]
[BlackElo "1233"]
[PlyCount "45"]
[EventDate "2011.??.??"]

1. f4 d5 2. Nf3 Nf6 3. e3 c6 4. Be2 g6 5. O-O Bg7 6. d3 Qc7 7. c3 Bf5 8. Nd4
Bd7 9. Nf3 Bf5 10. Na3 Qb6 11. Nc2 c5 12. d4 Nc6 13. dxc5 Qxc5 14. Ncd4 Be4 15.
Ng5 Nxd4 16. exd4 Qb6 17. Bd3 Bxd3 18. Qxd3 O-O 19. f5 Ng4 20. fxg6 fxg6 21.
Bd2 e5 22. Qc2 exd4 23. Qd3 0-1

[Event "Amagermesterskabet 2011"]
[Site "Sundbyoster"]
[Date "2011.10.04"]
[Round "5"]
[White "Larsen, Kim"]
[Black "Hansen, Benny"]
[Result "1/2-1/2"]
[WhiteElo "1618"]
[BlackElo "1432"]
[PlyCount "93"]
[EventDate "2011.??.??"]

1. e4 c5 2. Nf3 d6 3. c3 Nc6 4. d4 cxd4 5. cxd4 e6 6. Be3 Nf6 7. Nc3 a6 8. Bd3
Be7 9. O-O b5 10. a3 Bb7 11. b4 Ng4 12. h3 Nxe3 13. fxe3 Bf6 14. Rc1 Qb6 15.
Bb1 Ne7 16. Qd3 Ng6 17. Kh2 O-O 18. g3 Rad8 19. h4 e5 20. Nd5 Bxd5 21. exd5 h5
22. dxe5 dxe5 23. e4 Rd6 24. Qe2 Qd8 25. Rc3 Qd7 26. Rfc1 Qg4 27. Ng1 Qxe2+ 28.
Nxe2 Ne7 29. Bd3 g5 30. hxg5 Bxg5 31. R1c2 Rdd8 32. Kh3 Rc8 33. Nc1 Rxc3 34.
Rxc3 Rc8 35. Rxc8+ Nxc8 36. Nb3 Nd6 37. Nc5 Nc4 38. Nxa6 Nxa3 39. Nc7 Be7 40.
Nxb5 Nxb5 41. Bxb5 Bxb4 42. Be2 f6 43. Bxh5 Kg7 44. Bg4 Kf7 45. Be6+ Ke7 46. g4
Bd2 47. Kg3 1/2-1/2

[Event "Amagermesterskabet 2011"]
[Site "Sundbyoster"]
[Date "2011.10.04"]
[Round "5"]
[White "Larsen, Ulrik Jejlskov"]
[Black "Larsen, Julie"]
[Result "1-0"]
[WhiteElo "1591"]
[BlackElo "1162"]
[PlyCount "47"]
[EventDate "2011.??.??"]

1. d4 d5 2. e3 Nf6 3. Bd3 Nc6 4. c3 g6 5. Nf3 Bg7 6. O-O O-O 7. Nbd2 Bg4 8. h3
Bh5 9. g4 Nxg4 10. hxg4 Bxg4 11. e4 e6 12. exd5 exd5 13. Re1 Qf6 14. Bf1 Ne7
15. Bg2 Nf5 16. Nf1 Bh6 17. Ne3 c6 18. Nxg4 Qg7 19. Nxh6+ Nxh6 20. Re7 b5 21.
Ne5 Nf5 22. Rc7 Rae8 23. Bh3 Nd6 24. Nd7 1-0